[Event "St Louis Fall A 2017"]
[Site "Saint Louis USA"]
[Date "2017.09.06"]
[Round "1.1"]
[White "Meier, Georg"]
[Black "Ju, Wenjun"]
[Result "1/2-1/2"]
[WhiteTitle "GM"]
[BlackTitle "GM"]
[WhiteElo "2651"]
[BlackElo "2574"]
[WhiteFideId "4675789"]
[BlackFideId "8603006"]
[EventDate "2017.09.06"]

1. d4 Nf6 2. c4 e6 3. Nf3 d5 4. g3 Bb4+ 5. Bd2 Bd6 6. Bg2 c6 7. O-O Nbd7 8. Qb3
O-O 9. Nc3 h6 10. Rad1 Rb8 11. a3 Re8 12. Rfe1 Ne4 13. Nxe4 dxe4 14. Ne5 Nxe5
15. dxe5 Bxe5 16. Bxh6 Qb6 17. Qxb6 axb6 18. Bc1 f5 19. f3 exf3 20. exf3 Bc7 21.
f4 Kf7 22. b3 e5 23. fxe5 Rxe5 24. Rxe5 Bxe5 25. Be3 Bc7 26. Kf2 Be6 27. a4 Rh8
28. h3 Rh5 29. Rh1 Rh8 30. Rd1 Rh5 31. Rh1 Rh8 32. Rd1 1/2-1/2

[Event "St Louis Fall A 2017"]
[Site "Saint Louis USA"]
[Date "2017.09.06"]
[Round "1.2"]
[White "Liang, Awonder"]
[Black "Li, Ruifeng"]
[Result "1/2-1/2"]
[WhiteTitle "GM"]
[BlackTitle "GM"]
[WhiteElo "2545"]
[BlackElo "2548"]
[WhiteFideId "2056437"]
[BlackFideId "2061074"]
[EventDate "2017.09.06"]

1. e4 c5 2. Nf3 d6 3. Bb5+ Nd7 4. O-O a6 5. Bd3 Ngf6 6. Re1 e6 7. c3 b5 8. a4
Bb7 9. Bc2 c4 10. d4 cxd3 11. Qxd3 Nc5 12. Qe2 bxa4 13. e5 dxe5 14. Nxe5 Be7 15.
Rd1 Qb6 16. Rxa4 Nxa4 17. Bxa4+ Kf8 18. Rd7 Qa5 19. Rxb7 Qxa4 20. c4 Qa1 21. Qc2
Qa5 22. Qe2 Qa1 23. Qc2 Qa5 24. Qe2 Qa1 25. Qc2 1/2-1/2

[Event "St Louis Fall A 2017"]
[Site "Saint Louis USA"]
[Date "2017.09.06"]
[Round "1.3"]
[White "Swiercz, Dariusz"]
[Black "Naroditsky, Daniel"]
[Result "1-0"]
[WhiteTitle "GM"]
[BlackTitle "GM"]
[WhiteElo "2638"]
[BlackElo "2626"]
[WhiteFideId "1126881"]
[BlackFideId "2026961"]
[EventDate "2017.09.06"]

1. d4 Nf6 2. c4 e6 3. Nf3 d5 4. Nc3 Bb4 5. Bg5 h6 6. Bxf6 Qxf6 7. Qa4+ Nc6 8. e3
O-O 9. Rc1 Qg6 10. Qc2 Qxc2 11. Rxc2 dxc4 12. Bxc4 Na5 13. Be2 c5 14. a3 Bxc3+
15. Rxc3 cxd4 16. Nxd4 Bd7 17. Rc7 Rfd8 18. b4 Nc6 19. Nb3 b6 20. Ba6 Ne7 21.
Bb7 Rab8 22. O-O Ba4 23. Rxe7 Bxb3 24. Ba6 b5 25. Rxa7 Rd2 26. Ra1 Ba4 27. h3
Rbd8 28. Bb7 R8d7 29. Ra8+ Kh7 30. Bc6 R7d6 31. Be8 f5 32. Rc1 Rd1+ 33. Rxd1
Rxd1+ 34. Kh2 Rd2 35. Kg3 e5 36. Ra6 f4+ 37. exf4 exf4+ 38. Kxf4 Rxf2+ 39. Kg3
Rf8 40. Bg6+ Kg8 41. Re6 Bb3 42. Re5 Rb8 43. Re8+ Rxe8 44. Bxe8 Bc4 45. Kf4 Kf8
46. Bc6 g5+ 47. Ke5 Ke7 48. g3 Bf1 49. h4 gxh4 50. gxh4 Bc4 51. Be4 Kd7 52. Kd4
Kd6 53. a4 Be6 54. axb5 1-0

[Event "St Louis Fall A 2017"]
[Site "Saint Louis USA"]
[Date "2017.09.06"]
[Round "1.4"]
[White "Shimanov, Aleksandr"]
[Black "Petrosian, Tigran L."]
[Result "1-0"]
[WhiteTitle "GM"]
[BlackTitle "GM"]
[WhiteElo "2646"]
[BlackElo "2615"]
[WhiteFideId "4198603"]
[BlackFideId "13301616"]
[EventDate "2017.09.06"]

1. d4 Nf6 2. Nf3 e6 3. c4 Bb4+ 4. Nc3 O-O 5. Bg5 d5 6. e3 h6 7. Bh4 c5 8. cxd5
g5 9. Bg3 Nxd5 10. Rc1 f5 11. Bc4 Nc6 12. O-O cxd4 13. Nxd5 exd5 14. Bb3 dxe3
15. Bxd5+ Kh7 16. fxe3 Ba5 17. Kh1 Bb6 18. Bd6 Re8 19. e4 Qf6 20. b4 Be6 21. e5
Qg6 22. Bxe6 Rxe6 23. b5 Nd8 24. Nd4 Bxd4 25. Qxd4 Nf7 26. Qd5 Rg8 27. Qxb7 Rg7
28. Rc7 Nxe5 29. Bxe5 Rxe5 30. Rfc1 g4 31. g3 Rxc7 32. Rxc7+ Kh8 33. Qxa7 f4 34.
Rc8+ Re8 35. Qd4+ Kg8 36. Qd5+ Kf8 37. Rxe8+ Qxe8 38. Qf5+ Kg7 39. Qxg4+ Kh8 40.
Qxf4 Qe1+ 41. Kg2 Qe2+ 42. Qf2 Qxb5 43. Qd4+ Kg8 44. Qg4+ Kh8 45. Qc8+ Kh7 46.
Qc2+ Kg7 47. a4 Qd5+ 48. Kf2 Qe5 49. Kf3 Kh8 50. Qe4 Qh5+ 51. Kg2 Qc5 52. Qg6
Qd5+ 53. Kh3 Qd7+ 54. Qg4 Qd5 55. Qc8+ Kh7 56. Qc2+ Kg7 57. Kg4 Qd4+ 58. Kf3 Qe5
59. Qe4 Qc3+ 60. Kg4 Qd2 61. Qe5+ Kg6 62. Qf5+ Kg7 63. Kh3 Kh8 64. a5 Qe2 65.
Qf6+ Kh7 66. Qf7+ Kh8 67. Qg6 Qf1+ 68. Kh4 Qc4+ 69. g4 Qf4 70. h3 Qf2+ 71. Kh5
Qf7 72. a6 Qd5+ 73. Qf5 Qf7+ 74. Kxh6 Qe6+ 75. Kg5 Qe3+ 76. Qf4 Qc5+ 77. Kg6 1-0

[Event "St Louis Fall A 2017"]
[Site "Saint Louis USA"]
[Date "2017.09.06"]
[Round "1.5"]
[White "Zherebukh, Yaroslav"]
[Black "Kovalev, Vladislav"]
[Result "1/2-1/2"]
[WhiteTitle "GM"]
[BlackTitle "GM"]
[WhiteElo "2621"]
[BlackElo "2640"]
[WhiteFideId "14116804"]
[BlackFideId "13504398"]
[EventDate "2017.09.06"]

1. e4 e5 2. Nf3 Nc6 3. Bb5 Nf6 4. O-O Nxe4 5. Re1 Nd6 6. Nxe5 Be7 7. Bf1 Nxe5 8.
Rxe5 O-O 9. Nc3 Ne8 10. Nd5 Bd6 11. Re1 c6 12. Ne3 Bc7 13. Nf5 d5 14. Ne7+ Kh8
15. Nxc8 Qxc8 16. d4 Qd7 17. Bd3 Nd6 18. Bf4 Rae8 19. Qf3 f5 20. Rxe8 Qxe8 21.
Be5 Bb8 22. Qf4 Ne4 23. Bxb8 Qxb8 24. Qxb8 Rxb8 25. f3 Nd6 26. Re1 Kg8 27. Re7
Rf8 28. Rd7 Rf6 29. Rd8+ Kf7 30. Rd7+ Kf8 31. Kf2 1/2-1/2

[Event "St Louis Fall A 2017"]
[Site "Saint Louis USA"]
[Date "2017.09.07"]
[Round "2.1"]
[White "Ju, Wenjun"]
[Black "Kovalev, Vladislav"]
[Result "1/2-1/2"]
[WhiteTitle "GM"]
[BlackTitle "GM"]
[WhiteElo "2574"]
[BlackElo "2640"]
[WhiteFideId "8603006"]
[BlackFideId "13504398"]
[EventDate "2017.09.06"]

1. c4 Nf6 2. Nc3 g6 3. g3 Bg7 4. Bg2 O-O 5. d4 d6 6. Nf3 Nc6 7. O-O e5 8. d5 Nb8
9. e4 a5 10. Ne1 Na6 11. Nd3 Nd7 12. Be3 Ndc5 13. Nxc5 Nxc5 14. Qd2 f5 15. exf5
gxf5 16. f4 e4 17. Bd4 Bd7 18. g4 fxg4 19. Nxe4 Nxe4 20. Bxe4 Qh4 21. Bxg7 Kxg7
22. Rae1 Qf6 23. f5 Rae8 24. Rf4 Kh8 25. Kh1 b6 26. Rxg4 Bxf5 27. Bxf5 Rxe1+ 28.
Qxe1 Qxf5 29. Qe7 Qf1+ 30. Rg1 Qf3+ 31. Rg2 Qf1+ 1/2-1/2

[Event "St Louis Fall A 2017"]
[Site "Saint Louis USA"]
[Date "2017.09.07"]
[Round "2.2"]
[White "Petrosian, Tigran L."]
[Black "Zherebukh, Yaroslav"]
[Result "0-1"]
[WhiteTitle "GM"]
[BlackTitle "GM"]
[WhiteElo "2615"]
[BlackElo "2621"]
[WhiteFideId "13301616"]
[BlackFideId "14116804"]
[EventDate "2017.09.06"]

1. Nf3 Nf6 2. g3 g6 3. b3 Bg7 4. Bb2 b6 5. Bg2 Bb7 6. O-O O-O 7. c4 c5 8. d4
cxd4 9. Qxd4 d6 10. Nc3 Nbd7 11. Rfd1 Rc8 12. Qh4 Rc5 13. g4 Qa8 14. Na4 Rc7 15.
g5 Nh5 16. Bxg7 Nxg7 17. Nc3 Nf5 18. Qf4 e5 19. Qg4 h5 20. Qh3 Nc5 21. Ne1 e4
22. Nd5 Bxd5 23. Rxd5 Ne6 24. Rxf5 gxf5 25. Rd1 Rc5 26. Nd3 Ra5 27. Qxh5 f4 28.
c5 Qd5 29. Qh6 f3 30. exf3 exd3 31. g6 fxg6 32. Qxg6+ Ng7 33. b4 Rxa2 34. f4 Qd4
35. Kh1 Ra1 0-1

[Event "St Louis Fall A 2017"]
[Site "Saint Louis USA"]
[Date "2017.09.07"]
[Round "2.3"]
[White "Naroditsky, Daniel"]
[Black "Shimanov, Aleksandr"]
[Result "1/2-1/2"]
[WhiteTitle "GM"]
[BlackTitle "GM"]
[WhiteElo "2626"]
[BlackElo "2646"]
[WhiteFideId "2026961"]
[BlackFideId "4198603"]
[EventDate "2017.09.06"]

1. d4 d5 2. c4 e6 3. Nc3 Nf6 4. cxd5 Nxd5 5. e4 Nxc3 6. bxc3 c5 7. Rb1 Be7 8.
Bb5+ Bd7 9. Bd3 cxd4 10. cxd4 Nc6 11. Nf3 Nb4 12. O-O Bc6 13. Bc4 b5 14. Ne5
bxc4 15. Rxb4 Bxe4 16. Qa4+ Kf8 17. Rxc4 Bd5 18. Nc6 Qd7 19. Ba3 Bxc4 20. Bxe7+
Ke8 21. Qxc4 Rc8 22. Rc1 Rxc6 23. Qxc6 Qxc6 24. Rxc6 Kxe7 25. Rc7+ Kf6 26. Rxa7
Rb8 27. Kf1 Rb4 28. Ke2 Rxd4 29. a4 h5 30. a5 Ra4 31. a6 1/2-1/2

[Event "St Louis Fall A 2017"]
[Site "Saint Louis USA"]
[Date "2017.09.07"]
[Round "2.4"]
[White "Li, Ruifeng"]
[Black "Swiercz, Dariusz"]
[Result "1/2-1/2"]
[WhiteTitle "GM"]
[BlackTitle "GM"]
[WhiteElo "2548"]
[BlackElo "2638"]
[WhiteFideId "2061074"]
[BlackFideId "1126881"]
[EventDate "2017.09.06"]

1. e4 e5 2. Nf3 Nc6 3. Bb5 Nf6 4. d3 Bc5 5. c3 O-O 6. O-O d6 7. Be3 Bxe3 8. fxe3
Ne7 9. Nbd2 c6 10. Ba4 Ng6 11. Bb3 d5 12. Qc2 dxe4 13. Nxe4 Nxe4 14. dxe4 Qe7
15. Rad1 Be6 16. Bxe6 Qxe6 17. Qb3 Qxb3 18. axb3 Rfd8 19. Kf2 f6 20. Ke2 Nf8 21.
Rxd8 Rxd8 22. b4 Ne6 23. Nd2 Kf7 24. Ra1 a6 25. Nb3 Ke7 26. Nc5 Nxc5 27. bxc5 h5
28. b4 Rh8 29. c4 Kd7 30. Rd1+ Kc7 1/2-1/2

[Event "St Louis Fall A 2017"]
[Site "Saint Louis USA"]
[Date "2017.09.07"]
[Round "2.5"]
[White "Meier, Georg"]
[Black "Liang, Awonder"]
[Result "1/2-1/2"]
[WhiteTitle "GM"]
[BlackTitle "GM"]
[WhiteElo "2651"]
[BlackElo "2545"]
[WhiteFideId "4675789"]
[BlackFideId "2056437"]
[EventDate "2017.09.06"]

1. Nf3 Nf6 2. c4 c5 3. Nc3 d5 4. cxd5 Nxd5 5. e3 e6 6. Bb5+ Bd7 7. Bc4 Bc6 8.
O-O Be7 9. Ne5 O-O 10. d4 cxd4 11. exd4 Nd7 12. Bxd5 Bxd5 13. Nxd5 exd5 14. Qb3
Bf6 15. Rd1 Nxe5 16. dxe5 Bxe5 17. Rxd5 Qf6 18. Rb1 Qg6 19. Qd3 Qxd3 20. Rxd3
Rad8 21. Rxd8 Rxd8 22. Be3 h6 23. Kf1 a6 24. Ke2 Kf8 25. h3 Ke7 26. Rc1 Rd7 27.
b3 Rc7 28. Kd3 Rxc1 29. Bxc1 Ke6 30. Kc4 Bd6 31. a4 1/2-1/2

[Event "St Louis Fall A 2017"]
[Site "Saint Louis USA"]
[Date "2017.09.08"]
[Round "3.1"]
[White "Liang, Awonder"]
[Black "Ju, Wenjun"]
[Result "1/2-1/2"]
[WhiteTitle "GM"]
[BlackTitle "GM"]
[WhiteElo "2545"]
[BlackElo "2574"]
[WhiteFideId "2056437"]
[BlackFideId "8603006"]
[EventDate "2017.09.06"]

1. e4 e5 2. Nf3 Nf6 3. Nxe5 d6 4. Nf3 Nxe4 5. Nc3 Nxc3 6. dxc3 Be7 7. Be3 Nc6 8.
Qd2 Be6 9. O-O-O Qd7 10. Kb1 Bf6 11. h3 h5 12. Ng5 Bxg5 13. Bxg5 f6 14. Be3
O-O-O 15. b3 Kb8 16. Be2 Bf5 17. Rhe1 Bg6 18. Kb2 Rhe8 19. c4 Qe6 20. Qc3 Qe5
21. Bf3 Qxc3+ 22. Kxc3 Ne7 23. Bf4 Bf7 24. Bc1 Kc8 25. Re2 Nf5 26. Rde1 Rxe2 27.
Rxe2 Re8 28. Be4 Ne7 29. Bd3 a5 30. a3 Nc6 31. Rxe8+ Bxe8 32. f4 Ne7 33. Be3 Bc6
34. Bf1 Kd7 35. g3 Ke6 36. Kd2 b6 37. c3 Be4 38. b4 c5 39. Be2 g6 40. g4 hxg4
41. hxg4 Nc6 42. Bf2 f5 43. Bh4 cxb4 44. cxb4 axb4 45. axb4 Nxb4 46. Bf2 d5 47.
Bxb6 dxc4 48. Bxc4+ Nd5 49. gxf5+ Kxf5 50. Bxd5 Bxd5 51. Ke3 1/2-1/2

[Event "St Louis Fall A 2017"]
[Site "Saint Louis USA"]
[Date "2017.09.08"]
[Round "3.2"]
[White "Swiercz, Dariusz"]
[Black "Meier, Georg"]
[Result "1/2-1/2"]
[WhiteTitle "GM"]
[BlackTitle "GM"]
[WhiteElo "2638"]
[BlackElo "2651"]
[WhiteFideId "1126881"]
[BlackFideId "4675789"]
[EventDate "2017.09.06"]

1. d4 d5 2. c4 e6 3. Nf3 Nf6 4. Nc3 Be7 5. Bf4 O-O 6. e3 c5 7. dxc5 Bxc5 8. cxd5
Nxd5 9. Nxd5 exd5 10. Bd3 Bb4+ 11. Nd2 Nc6 12. O-O Be7 13. Rc1 Bf6 14. Nf3 Qb6
15. Bd6 Rd8 16. Bc5 Qa5 17. Qb3 Rb8 18. Qb5 Qxb5 19. Bxb5 Bxb2 20. Rc2 b6 21.
Bxc6 bxc5 22. Rxc5 Be6 23. Ng5 d4 24. Nxe6 fxe6 25. exd4 Bxd4 26. Rc2 Rb2 27.
Rxb2 Bxb2 28. Ba4 Kf7 29. Rd1 Rxd1+ 30. Bxd1 Kf6 1/2-1/2

[Event "St Louis Fall A 2017"]
[Site "Saint Louis USA"]
[Date "2017.09.08"]
[Round "3.3"]
[White "Shimanov, Aleksandr"]
[Black "Li, Ruifeng"]
[Result "1/2-1/2"]
[WhiteTitle "GM"]
[BlackTitle "GM"]
[WhiteElo "2646"]
[BlackElo "2548"]
[WhiteFideId "4198603"]
[BlackFideId "2061074"]
[EventDate "2017.09.06"]

1. Nf3 Nf6 2. c4 e6 3. g3 d5 4. Bg2 Be7 5. d4 O-O 6. Nc3 Nbd7 7. b3 b6 8. O-O
Bb7 9. Qd3 c5 10. cxd5 Nxd5 11. Nxd5 Bxd5 12. Bb2 cxd4 13. Bxd4 Bf6 14. Rfd1
Bxd4 15. Nxd4 Nc5 16. Qe3 Bxg2 17. Kxg2 Qd5+ 18. Qf3 Qxf3+ 19. Kxf3 Rac8 20.
Rac1 a6 21. b4 Nd7 22. e4 Ne5+ 23. Ke2 g6 24. f4 Nc4 25. b5 axb5 26. Nxb5 Rc5
27. Nd6 Nxd6 28. Rxc5 bxc5 29. Rxd6 Ra8 30. Rd2 Ra3 31. Kd1 c4 32. Rc2 Kg7 33.
Kc1 c3 34. Kd1 Kf6 1/2-1/2

[Event "St Louis Fall A 2017"]
[Site "Saint Louis USA"]
[Date "2017.09.08"]
[Round "3.5"]
[White "Kovalev, Vladislav"]
[Black "Petrosian, Tigran L."]
[Result "1-0"]
[WhiteTitle "GM"]
[BlackTitle "GM"]
[WhiteElo "2640"]
[BlackElo "2615"]
[WhiteFideId "13504398"]
[BlackFideId "13301616"]
[EventDate "2017.09.06"]

1. e4 e5 2. Nf3 Nc6 3. Bc4 Bc5 4. c3 Nf6 5. d4 exd4 6. e5 d5 7. Bb5 Ne4 8. cxd4
Bb6 9. Nc3 O-O 10. Be3 f6 11. Qb3 Nxc3 12. Bxc6 bxc6 13. Qxc3 Ba6 14. a4 fxe5
15. Nxe5 c5 16. dxc5 d4 17. Qb3+ Kh8 18. O-O-O Bxc5 19. Nf7+ Rxf7 20. Qxf7 Qd6
21. Bf4 Qc6 22. Qxc7 Qd5 23. Be5 Rg8 24. Rhe1 h6 25. Kb1 Kh7 26. Re3 d3 27. Rg3
Bf8 28. Qc3 Bb4 29. Qd4 Qc6 30. Rdxd3 Bc5 31. Qd7 Bxd3+ 32. Qxd3+ g6 33. Qc4 Qd7
34. Qxc5 Rc8 35. Qd4 1-0

[Event "St Louis Fall A 2017"]
[Site "Saint Louis USA"]
[Date "2017.09.09"]
[Round "4.1"]
[White "Ju, Wenjun"]
[Black "Petrosian, Tigran L."]
[Result "0-1"]
[WhiteTitle "GM"]
[BlackTitle "GM"]
[WhiteElo "2574"]
[BlackElo "2615"]
[WhiteFideId "8603006"]
[BlackFideId "13301616"]
[EventDate "2017.09.06"]

1. d4 d6 2. Nf3 g6 3. e4 Nf6 4. Bd3 Bg7 5. O-O O-O 6. c3 Nc6 7. h3 e5 8. Re1 h6
9. Na3 Re8 10. Nc2 Bd7 11. a4 a5 12. dxe5 Nxe5 13. Nxe5 Rxe5 14. Bf4 Re7 15. Nd4
Qe8 16. Re2 Nh5 17. Bd2 Kh7 18. Qc2 Be5 19. Ree1 Bf4 20. b3 Qh8 21. g4 Bxd2 22.
Qxd2 Nf6 23. Re2 Bc6 24. Rae1 Nd7 25. Bc2 Rae8 26. f3 Qf6 27. h4 d5 28. exd5
Bxd5 29. Rxe7 Rxe7 30. Rxe7 Qxe7 31. c4 Be6 32. h5 Qd6 33. Qe3 Nf8 34. Kg2 Bd7
35. Be4 c6 36. hxg6+ fxg6 37. Qc3 Qf6 38. Qd3 Kg7 39. Ne2 h5 40. gxh5 gxh5 41.
Ng3 Qb2+ 42. Ne2 h4 43. Kf2 Qe5 44. f4 Qc5+ 45. Qd4+ Qxd4+ 46. Nxd4 Kf6 47. Nf3
h3 48. Kg3 Ne6 49. Ne5 Bc8 50. Ng4+ Ke7 51. Bf5 Kd6 52. Ne3 Bd7 53. Bxh3 Nc5 54.
Nf5+ Bxf5 55. Bxf5 Nxb3 56. Bc2 Nd4 57. Bd3 Kc5 58. f5 Nxf5+ 59. Bxf5 Kxc4 60.
Kf2 Kb3 61. Bc8 b5 62. axb5 cxb5 63. Ke3 Kc3 64. Ke2 a4 65. Kd1 a3 66. Be6 Kb2 0-1

[Event "St Louis Fall A 2017"]
[Site "Saint Louis USA"]
[Date "2017.09.09"]
[Round "4.2"]
[White "Naroditsky, Daniel"]
[Black "Kovalev, Vladislav"]
[Result "1/2-1/2"]
[WhiteTitle "GM"]
[BlackTitle "GM"]
[WhiteElo "2626"]
[BlackElo "2640"]
[WhiteFideId "2026961"]
[BlackFideId "13504398"]
[EventDate "2017.09.06"]

1. d4 Nf6 2. c4 g6 3. Nc3 Bg7 4. e4 d6 5. f3 O-O 6. Nge2 c5 7. Be3 Nc6 8. d5 Ne5
9. Ng3 h5 10. Be2 h4 11. Nf1 e6 12. Bg5 h3 13. gxh3 exd5 14. Nxd5 Be6 15. h4
Bxd5 16. cxd5 Qb6 17. Qd2 c4 18. Ne3 Rac8 19. Rc1 Nd3+ 20. Bxd3 cxd3 21. Nc4 Qd4
22. Be3 Nxe4 23. Bxd4 Nxd2 24. Kxd2 Bxd4 25. Kxd3 Bf2 26. h5 Rc5 27. Ke2 Bd4 28.
Kd3 Bf2 29. hxg6 Rxd5+ 30. Ke2 Bc5 31. gxf7+ Kxf7 32. Rhd1 Rxd1 33. Rxd1 Rh8 34.
Nxd6+ Bxd6 35. Rxd6 Rxh2+ 36. Ke3 Rxb2 37. Rd2 1/2-1/2

[Event "St Louis Fall A 2017"]
[Site "Saint Louis USA"]
[Date "2017.09.09"]
[Round "4.3"]
[White "Li, Ruifeng"]
[Black "Zherebukh, Yaroslav"]
[Result "0-1"]
[WhiteTitle "GM"]
[BlackTitle "GM"]
[WhiteElo "2548"]
[BlackElo "2621"]
[WhiteFideId "2061074"]
[BlackFideId "14116804"]
[EventDate "2017.09.06"]

1. e4 a6 2. a3 c6 3. d4 d5 4. exd5 cxd5 5. c4 Nf6 6. Nc3 Nc6 7. Nf3 Bg4 8. Be3
Rc8 9. h3 Bxf3 10. Qxf3 e6 11. cxd5 Nxd5 12. Nxd5 exd5 13. Bd3 g6 14. Qe2 Qe7
15. Qg4 f5 16. Qf4 Qd6 17. O-O Qxf4 18. Bxf4 Bg7 19. Rfe1+ Kf7 20. Be5 Bxe5 21.
dxe5 f4 22. Bb1 Ne7 23. Bd3 Rhe8 24. g3 Ke6 25. gxf4 Rf8 26. Rac1 Rxf4 27. Rxc8
Nxc8 28. Kg2 Nb6 29. Kg3 Rd4 30. Bf1 g5 31. h4 Rxh4 32. Bh3+ Ke7 33. b3 Nd7 34.
Bf5 h5 35. f3 Rf4 36. Bh3 d4 37. e6 Nf6 38. Rc1 h4+ 39. Kg2 d3 40. Rd1 Rd4 41.
Bf5 Nd5 42. Kf2 d2 0-1

[Event "St Louis Fall A 2017"]
[Site "Saint Louis USA"]
[Date "2017.09.09"]
[Round "4.4"]
[White "Meier, Georg"]
[Black "Shimanov, Aleksandr"]
[Result "1-0"]
[WhiteTitle "GM"]
[BlackTitle "GM"]
[WhiteElo "2651"]
[BlackElo "2646"]
[WhiteFideId "4675789"]
[BlackFideId "4198603"]
[EventDate "2017.09.06"]

1. e4 e5 2. Nf3 Nc6 3. Bb5 Nf6 4. O-O Nxe4 5. Re1 Nd6 6. Nxe5 Be7 7. Bf1 Nxe5 8.
Rxe5 O-O 9. Nc3 Ne8 10. Nd5 Bd6 11. Re2 Nf6 12. Ne3 Re8 13. b3 Be5 14. d4 Bf4
15. Ng4 Nd5 16. Rxe8+ Qxe8 17. Qf3 Bxc1 18. Rxc1 c6 19. c4 Ne7 20. Qg3 Ng6 21.
Ne3 Qf8 22. c5 d5 23. cxd6 Be6 24. Bc4 Rd8 25. Bxe6 fxe6 26. Nc4 Qf6 27. Rd1 Nh4
28. a4 h6 29. h3 Rd7 30. a5 Rd8 31. Rd3 Nf5 32. Qe5 b5 33. axb6 axb6 34. g4 Qg6
35. d7 Nh4 36. Qc7 Qf6 37. Ne5 Rf8 38. Rd2 Qg5 39. Qd6 Qf6 40. Qxc6 Qf4 41. Qc8
Qf6 42. Rc2 Kh7 43. Qxf8 Qxf8 44. Rc8 Qb4 45. Rh8+ 1-0

[Event "St Louis Fall A 2017"]
[Site "Saint Louis USA"]
[Date "2017.09.09"]
[Round "4.5"]
[White "Liang, Awonder"]
[Black "Swiercz, Dariusz"]
[Result "1/2-1/2"]
[WhiteTitle "GM"]
[BlackTitle "GM"]
[WhiteElo "2545"]
[BlackElo "2638"]
[WhiteFideId "2056437"]
[BlackFideId "1126881"]
[EventDate "2017.09.06"]

1. e4 e5 2. Nf3 Nc6 3. Bb5 Nf6 4. d3 Bc5 5. c3 O-O 6. O-O d6 7. Nbd2 Ne7 8. d4
exd4 9. cxd4 Bb6 10. Re1 Bg4 11. h3 Bh5 12. a4 a6 13. Bf1 Ba5 14. Qb3 d5 15.
exd5 Bxf3 16. Qxf3 Nexd5 17. Re2 Bxd2 18. Bxd2 c6 19. Re5 Qb6 20. Bc3 Rae8 21.
Bc4 Nxc3 22. bxc3 Rxe5 23. dxe5 Nd7 24. Qe4 Nc5 25. Qe3 Qa5 26. f4 Nxa4 27. e6
fxe6 28. f5 Qxc3 29. Qxe6+ Kh8 30. Rxa4 Qd4+ 31. Kh2 Qf4+ 32. Kh1 Qc1+ 1/2-1/2

[Event "St Louis Fall A 2017"]
[Site "Saint Louis USA"]
[Date "2017.09.10"]
[Round "5.1"]
[White "Swiercz, Dariusz"]
[Black "Ju, Wenjun"]
[Result "1/2-1/2"]
[WhiteTitle "GM"]
[BlackTitle "GM"]
[WhiteElo "2638"]
[BlackElo "2574"]
[WhiteFideId "1126881"]
[BlackFideId "8603006"]
[EventDate "2017.09.06"]

1. Nf3 d5 2. g3 Bg4 3. Bg2 c6 4. O-O Nd7 5. h3 Bxf3 6. Bxf3 e5 7. d3 Ngf6 8. e4
Bc5 9. Nc3 dxe4 10. Nxe4 Nxe4 11. dxe4 O-O 12. Qe2 Qe7 13. h4 a5 14. Bg5 Nf6 15.
a4 Rfd8 16. Rfd1 Bd4 17. c3 Bb6 18. Rxd8+ Rxd8 19. Rd1 Rxd1+ 20. Qxd1 h6 21. Bc1
Qe6 22. Kg2 Qa2 23. Qd6 Qxa4 24. Bxh6 gxh6 25. Qxf6 Qc2 26. Bh5 Qxe4+ 27. Qf3
Qd5 28. Qxd5 cxd5 29. Bf3 e4 30. Bg4 d4 31. cxd4 Bxd4 32. b3 1/2-1/2

[Event "St Louis Fall A 2017"]
[Site "Saint Louis USA"]
[Date "2017.09.10"]
[Round "5.2"]
[White "Shimanov, Aleksandr"]
[Black "Liang, Awonder"]
[Result "1/2-1/2"]
[WhiteTitle "GM"]
[BlackTitle "GM"]
[WhiteElo "2646"]
[BlackElo "2545"]
[WhiteFideId "4198603"]
[BlackFideId "2056437"]
[EventDate "2017.09.06"]

1. c4 Nf6 2. Nc3 e5 3. Nf3 Nc6 4. e3 Be7 5. a3 d5 6. cxd5 Nxd5 7. Qc2 O-O 8. b4
Nxc3 9. dxc3 Bd6 10. e4 a5 11. Rb1 axb4 12. axb4 Be6 13. Be2 Ra2 14. Rb2 Rxb2
15. Qxb2 Qe7 16. Ng5 Bd7 17. O-O Nd8 18. Rd1 Ba4 19. Re1 Bc6 20. Bc4 h6 21. Nf3
Bd7 22. Be3 Ne6 23. Qa2 b5 24. Bb3 c5 25. Rd1 c4 26. Bc2 Rd8 27. Bb6 Rb8 28. Qa7
Be8 29. g3 Qxa7 30. Bxa7 Ra8 31. Bb6 Bb8 32. Ba5 Kf8 33. Kf1 f6 34. Nh4 Bc7 35.
Bxc7 1/2-1/2

[Event "St Louis Fall A 2017"]
[Site "Saint Louis USA"]
[Date "2017.09.10"]
[Round "5.3"]
[White "Zherebukh, Yaroslav"]
[Black "Meier, Georg"]
[Result "1/2-1/2"]
[WhiteTitle "GM"]
[BlackTitle "GM"]
[WhiteElo "2621"]
[BlackElo "2651"]
[WhiteFideId "14116804"]
[BlackFideId "4675789"]
[EventDate "2017.09.06"]

1. e4 e6 2. d4 d5 3. Nd2 dxe4 4. Nxe4 Nd7 5. Nf3 Ngf6 6. Nxf6+ Nxf6 7. Bd3 c5 8.
dxc5 Bxc5 9. O-O O-O 10. Bg5 h6 11. Bh4 b6 12. Qe2 Bb7 13. Rad1 Qc7 14. Bxf6
gxf6 15. Be4 Rfd8 16. g3 Rac8 17. Kg2 f5 18. Bxb7 Qxb7 19. Rxd8+ Rxd8 20. Rd1
Rxd1 21. Qxd1 Kg7 22. Qd3 Qe4 23. Kf1 Kf6 24. Qd8+ Kg7 25. Qd3 Kf6 26. Qd8+ Kg7
27. Qd3 Kf6 28. Qd8+ Kg7 29. Qd3 Kf6 30. Qd8+ Kg7 1/2-1/2

[Event "St Louis Fall A 2017"]
[Site "Saint Louis USA"]
[Date "2017.09.10"]
[Round "5.4"]
[White "Kovalev, Vladislav"]
[Black "Li, Ruifeng"]
[Result "1-0"]
[WhiteTitle "GM"]
[BlackTitle "GM"]
[WhiteElo "2640"]
[BlackElo "2548"]
[WhiteFideId "13504398"]
[BlackFideId "2061074"]
[EventDate "2017.09.06"]

1. e4 c5 2. Nf3 d6 3. d4 cxd4 4. Nxd4 Nf6 5. f3 e5 6. Nb3 Be6 7. c4 a5 8. Be3 a4
9. N3d2 Qa5 10. Nc3 Be7 11. Bd3 Nbd7 12. O-O Nc5 13. Be2 O-O 14. Qc2 Nfd7 15.
Rab1 Qd8 16. b4 axb3 17. axb3 Bg5 18. Bf2 Nf6 19. Rfd1 Bd7 20. Nf1 Qe7 21. Ne3
Bxe3 22. Bxe3 Rfd8 23. Qd2 Bc6 24. b4 Ncxe4 25. fxe4 Nxe4 26. Nxe4 Bxe4 27. Ra1
Rxa1 28. Rxa1 h6 29. Bb6 Rc8 30. Rd1 Rc6 31. Bf2 b5 32. c5 d5 33. Bxb5 Rg6 34.
Bg3 f5 35. Bd3 Kh7 36. Bxe4 dxe4 37. Qd5 1-0